Southville International School and Colleges
Your cart is empty.
  • Cart
  • Lists
    Public lists Eva Luna New books Lux_list list_1
    Your lists Log in to create your own lists
  • Log in to your account
  • Your cookies
  • Search history
Southville International School and Colleges
  • Advanced search
  • Recent comments
  • Most popular
  • Libraries

Log in to your account

Log in with GOOGLE


If you do not have an external account, but do have a local account, you can still log in:

  1. Home
  2. MARC view: Chinese made easy 4 :
Normal view MARC view ISBD view

Chinese made easy 4 : (Record no. 293669)

[ view plain ]
MARC details
000 -LEADER
fixed length control field 00611nam a22001817a 4500
003 - CONTROL NUMBER IDENTIFIER
control field LC
005 - DATE AND TIME OF LATEST TRANSACTION
control field 20160421155109.0
008 - FIXED-LENGTH DATA ELEMENTS--GENERAL INFORMATION
fixed length control field 160421b xxu||||| |||| 00| 0 eng d
020 ## - INTERNATIONAL STANDARD BOOK NUMBER
International Standard Book Number 9789620425905
050 ## - LIBRARY OF CONGRESS CALL NUMBER
Classification number LB 1577 .Y19 2006
100 ## - MAIN ENTRY--PERSONAL NAME
Personal name Ma, Yamin
245 ## - TITLE STATEMENT
Title Chinese made easy 4 :
Remainder of title simplified characters version
300 ## - PHYSICAL DESCRIPTION
Extent 102 pages.,
Other physical details col.,ill.,
Dimensions 21 cm.
650 ## - SUBJECT ADDED ENTRY--TOPICAL TERM
Topical term or geographic name as entry element Chinese language -- Conversation and phrase books -- English.
650 ## - SUBJECT ADDED ENTRY--TOPICAL TERM
Topical term or geographic name as entry element Chinese language -- Textbooks for foreign language -- English.
650 ## - SUBJECT ADDED ENTRY--TOPICAL TERM
Topical term or geographic name as entry element Chinese language -- Terms and phrases -- English.
942 ## - ADDED ENTRY ELEMENTS (KOHA)
Source of classification or shelving scheme Library of Congress Classification
Koha item type Books
Holdings
Withdrawn status Lost status Source of classification or shelving scheme Damaged status Home library Current library Shelving location Date acquired Source of acquisition Sub Shelving location Total Checkouts Full call number Barcode Date last seen Price effective from Koha item type Date checked out
    Library of Congress Classification   Luxembourg Library Luxembourg Library International Baccalaureate Section 04/21/2016 Library Fund     LB 1577 .Y19 2006 17412 04/21/2016 04/21/2016 Books  
    Library of Congress Classification   Luxembourg Library Luxembourg Library International Baccalaureate Section 04/21/2016 Library Fund     LB 1577 .Y19 2006 17413 07/07/2016 04/21/2016 Books  
    Library of Congress Classification   Luxembourg Library Luxembourg Library International Baccalaureate Section 04/21/2016 Library Fund     LB 1577 .Y19 2006 17411 04/21/2016 04/21/2016 Books  
    Library of Congress Classification   Luxembourg Library Luxembourg Library International Baccalaureate Section 04/21/2016 Library Fund   1 LB 1577 .Y19 2006 17414 05/25/2017 04/21/2016 Books 04/26/2017

Chinese made easy 4 :

APA

Ma Y., .Chinese made easy 4. : .

Chicago

Ma Yamin, .Chinese made easy 4. : .

Harvard

Ma Y., .Chinese made easy 4. : .

MLA

Ma Yamin, .: . .

  • Place hold
  • Print
  • Cite
  • Add to your cart (remove)
  • Save record
    BIBTEX Dublin Core MARCXML MARC (non-Unicode/MARC-8) MARC (Unicode/UTF-8) MARC (Unicode/UTF-8, Standard) MODS (XML) RIS
  • More searches
    Search for this title in:
    Other Libraries (WorldCat) Other Databases (Google Scholar) Online Stores (Bookfinder.com) Open Library (openlibrary.org)

Exporting to Dublin Core...

SOUTHVILLE LIBRARY

Southville International School and Colleges Library

1281 Tropical Ave. Cor. Luxembourg St., BF Homes International, Las Pinas City

Tel. No. 8256374 / 252358 Loc. 117/146

Powered by Koha